000 00727nam a2200217 a 4500
001 000042251
005 20201002040030.0
008 131120s1997 sp ac 001 0 spa d
020 _a8408020242
040 _aDO-SdBNP
_bspa
_cBNPHU
100 1 _aTeresa Puga, María
_q(María Teresa)
_969277
245 1 0 _aAlfonso XIII /
_cMaría Teresa Puga.
246 1 4 _aLa vida y la época de Alfonso XIII
260 _aBarcelona :
_bPlaneta,
_c1997.
_bil., retrs.
300 _a258 p. :
_b21 cm.
490 1 _aLos reyes de España ;
_v17
500 _aIncluye índice
504 _aBibliografía : p. 257-259
504 _aIncluye referencias bibliográficas y notas al pie de las páginas
830 0 _aLos reyes de España
_v17
_969276
999 _c41740
_d41740